<?xml version="1.0" encoding="UTF-8"?>
<collection xmlns="http://www.loc.gov/MARC21/slim">
    <record>
        <controlfield tag="001">76778</controlfield>
        <controlfield tag="005">20190115134156.0</controlfield>
        <datafield tag="037" ind1=" " ind2=" ">
            <subfield code="a">TAZ-TFG-2018-3138</subfield>
        </datafield>
        <datafield tag="041" ind1=" " ind2=" ">
            <subfield code="a">spa</subfield>
        </datafield>
        <datafield tag="100" ind1="1" ind2=" ">
            <subfield code="a">Escorihuela Gómez, Eva</subfield>
        </datafield>
        <datafield tag="242" ind1="0" ind2="0">
            <subfield code="a">The effect of defocus on stereopsis for far vision in presbyopes</subfield>
        </datafield>
        <datafield tag="245" ind1="0" ind2="0">
            <subfield code="a">Efecto del desenfoque en la medida de la estereopsis en visión lejana en pacientes présbitas</subfield>
        </datafield>
        <datafield tag="260" ind1=" " ind2=" ">
            <subfield code="a">Zaragoza</subfield>
            <subfield code="b">Universidad de Zaragoza</subfield>
            <subfield code="c">2018</subfield>
        </datafield>
        <datafield tag="506" ind1=" " ind2=" ">
            <subfield code="a">by-nc-sa</subfield>
            <subfield code="b">Creative Commons</subfield>
            <subfield code="c">3.0</subfield>
            <subfield code="u">http://creativecommons.org/licenses/by-nc-sa/3.0/</subfield>
        </datafield>
        <datafield tag="520" ind1=" " ind2=" ">
            <subfield code="a">La Agudeza visual estereoscópica (AVE) es un parámetro subjetivo que se mide normalmente en la práctica clínica diaria para detectar estrabismos, ambliopías o para valorar la visión binocular después de un tratamiento tales como cirugía refractiva o adaptación de lentes de contacto monovisión. El objetivo de este trabajo es estudiar la influencia del de la monovisión (monocular) en la estereopsis medida en visión lejana en pacientes présbitas. Para ello, se han utilizado lentes positivas de diferente cuantía (¬¬¬¬+1.00 D, ¬¬¬¬+2.00 D y ¬¬¬¬+3.00 D y se han evaluado a 18 personas. Los resultados obtenidos demuestran que la AVE disminuye a medida que aumenta el desenfoque generado. El 88,88% de los sujetos del estudio con lente de +3.00D no tuvieron AVE, en cuanto a los sujetos con la lente de +2.00D el 77,78% de los sujetos no tuvieron AVE. A partir de los resultados obtenidos, se puede deducir que el mínimo desenfoque que no afecta a la AVE es un desenfoque de +1.00 D.</subfield>
        </datafield>
        <datafield tag="521" ind1=" " ind2=" ">
            <subfield code="a">Graduado en Óptica y Optometría</subfield>
        </datafield>
        <datafield tag="540" ind1=" " ind2=" ">
            <subfield code="a">Derechos regulados por licencia Creative Commons</subfield>
        </datafield>
        <datafield tag="700" ind1=" " ind2=" ">
            <subfield code="a">Remón Martín, Laura</subfield>
            <subfield code="e">dir.</subfield>
        </datafield>
        <datafield tag="700" ind1=" " ind2=" ">
            <subfield code="a">Perchés Barrena, Sara</subfield>
            <subfield code="e">dir.</subfield>
        </datafield>
        <datafield tag="710" ind1="2" ind2=" ">
            <subfield code="a">Universidad de Zaragoza</subfield>
            <subfield code="b">Física Aplicada</subfield>
            <subfield code="c">Optica</subfield>
        </datafield>
        <datafield tag="856" ind1="0" ind2=" ">
            <subfield code="f">685419@celes.unizar.es</subfield>
        </datafield>
        <datafield tag="856" ind1="4" ind2=" ">
            <subfield code="s">953363</subfield>
            <subfield code="u">http://zaguan.unizar.es/record/76778/files/TAZ-TFG-2018-3138.pdf</subfield>
            <subfield code="y">Memoria (spa)</subfield>
        </datafield>
        <datafield tag="909" ind1="C" ind2="O">
            <subfield code="o">oai:zaguan.unizar.es:76778</subfield>
            <subfield code="p">driver</subfield>
            <subfield code="p">trabajos-fin-grado</subfield>
        </datafield>
        <datafield tag="950" ind1=" " ind2=" ">
            <subfield code="a"></subfield>
        </datafield>
        <datafield tag="951" ind1=" " ind2=" ">
            <subfield code="a">deposita:2019-01-15</subfield>
        </datafield>
        <datafield tag="980" ind1=" " ind2=" ">
            <subfield code="a">TAZ</subfield>
            <subfield code="b">TFG</subfield>
            <subfield code="c">CIEN</subfield>
        </datafield>
        <datafield tag="999" ind1=" " ind2=" ">
            <subfield code="a">20180913151903.CREATION_DATE</subfield>
        </datafield>
    </record>

    
</collection>